Handbook of heterogeneous catalysis. V.5.

Zapisane w:
Opis bibliograficzny
Format: Książka
Język:English
Wydane: Weinheim : VCH, 1997.
Hasła przedmiotowe:
Etykiety: Dodaj etykietę
Nie ma etykietki, Dołącz pierwszą etykiete!
Thư viện lưu trữ: Mạng thư viện Đại học Đà Nẵng
LEADER 00782cam a2200301 i 4500
001 000045641
003 4835
005 20030228153246.0
008 010220|1997 vm 000 eng
020 |a 3527292128 
040 |a IRC  |c IRC  |d IRC 
041 0 |a eng 
082 1 4 |a 541.395  |b Ha-H 
245 0 0 |a Handbook of heterogeneous catalysis.  |n V.5. 
260 |a Weinheim :  |b VCH,  |c 1997. 
300 |a 5v. (xxiv, 2479p.) :  |b ill. (some col.) 
630 0 4 |a Heterogeneous catalysis. 
650 0 4 |a Heterogeneous catalysis  |v Handbooks, manuals, etc. 
OWN |a DUT 
999 |a From the UDN01 
TYP |a Monograph 
TYP |a Printed language 
980 |a Mạng thư viện Đại học Đà Nẵng